Gaming Quiz

Random Gaming or Board Games Quiz

Find the Board Game Pieces Quiz Stats

 Plays Quiz Updated Jul 14, 2018

Challenge
Share
Tweet
Score 0/22 Timer 04:00
1 Play Today
% Correct
Dominoes
95.5%
Scrabble
95.2%
Battleship
94.8%
Jenga
94.4%
Monopoly
93.9%
Chess
93.2%
Mouse Trap
92.3%
Connect Four
91.3%
Trivial Pursuit
91%
Operation
89.4%
Mahjong
87%
% Correct
Clue(do)
86.1%
The Game of Life
84.9%
KerPlunk
76.7%
Checkers|Draughts
72.9%
Boggle
71.8%
Scattergories
71.2%
Dungeons
& Dragons
67.9%
Rummikub
67.4%
Carcasonne
62.4%
Othello
60%
Buckaroo!
48.4%

You're not logged in!

Compare scores with friends on all Sporcle quizzes.
OR
Log In

You Might Also Like...

Show Comments

Extras

Top Quizzes Today


Score Distribution

Your Account Isn't Verified!

In order to create a playlist on Sporcle, you need to verify the email address you used during registration. Go to your Sporcle Settings to finish the process.

Report this User

Report this user for behavior that violates our Community Guidelines.

Details: